[Event "Regionalliga SW 1516"]
[Site "Bayern"]
[Date "2015.12.13"]
[Round "4.3"]
[White "Gallwitz, Helge"]
[Black "Jussupow, Nadejda"]
[Result "0-1"]
[WhiteElo "2040"]
[BlackElo "2134"]
[PlyCount "86"]
[EventDate "2015.10.11"]
[EventType "team-tourn"]
[EventRounds "9"]
[EventCountry "GER"]
[SourceTitle "EXT 2018"]
[Source "ChessBase"]
[SourceDate "2017.10.13"]
[SourceVersion "1"]
[SourceVersionDate "2017.10.13"]
[SourceQuality "1"]
[WhiteTeam "Memmingen"]
[BlackTeam "Krumbach"]
[WhiteTeamCountry "GER"]
[BlackTeamCountry "GER"]

1. e4 e6 2. d4 d5 3. Nc3 Nc6 4. e5 f6 5. Nf3 fxe5 6. dxe5 Bc5 7. a3 a5 8. Bd3 Nh6 9. Bxh6 gxh6 10. Qd2 Bf8 11. 0-0-0 Bg7 12. Rde1 Bd7 13. Bb5 Ne7 14. Nd4 c6 15. Be2 0-0 16. Bg4 Nf5 17. Bxf5 exf5 18. e6 Qf6 19. exd7 Qxd4 20. Re7 Qxd2+ 21. Kxd2 Rad8 22. Na4 Bf6 23. Re6 Rxd7 24. Nc5 Re7 25. Rhe1 Rxe6 26. Rxe6 Kf7 27. Rxf6+ Kxf6 28. Nd7+ Kf7 29. Nxf8 Kxf8 30. Ke3 Ke7 31. Kf4 Kf6 32. h3 h5 33. b3 h4 34. Ke3 Ke5 35. b4 d4+ 36. Kf3 axb4 37. axb4 b6 38. g4 hxg3 39. fxg3 h5 40. h4 c5 41. bxc5 bxc5 42. c4 dxc3 43. Ke3 c4 0-1

[Event "Ulm/Neu Ulm-ch"]
[Site "Ulm/Neu Ulm"]
[Date "2007.12.14"]
[Round "7"]
[White "Mayer, Arnd"]
[Black "Gallwitz, Helge"]
[Result "1-0"]
[WhiteElo "2047"]
[BlackElo "2070"]
[PlyCount "67"]
[EventDate "2007.09.21"]
[EventType "swiss"]
[EventRounds "7"]
[EventCountry "GER"]
[SourceTitle "EXT 2011"]
[Source "ChessBase"]
[SourceDate "2010.11.26"]
[SourceVersion "1"]
[SourceVersionDate "2010.11.26"]
[SourceQuality "1"]

1. d4 f5 2. c4 Nf6 3. Nc3 g6 4. Nf3 Bg7 5. g3 d6 6. Bg2 0-0 7. 0-0 Qe8 8. d5 a5 9. Nd4 Na6 10. b3 Qf7 11. Bb2 g5 12. Qd2 Bh6 13. Ne6 Bxe6 14. dxe6 Qh5 15. Nd5 Nxd5 16. cxd5 Nc5 17. a3 Qg6 18. b4 axb4 19. axb4 Rxa1 20. Rxa1 Ne4 21. Qc2 Bg7 22. Ra7 Bxb2 23. Qxb2 f4 24. Qc2 fxg3 25. Qxe4 gxf2+ 26. Kf1 Qh6 27. h3 Rf4 28. Qc2 g4 29. Ra8+ Kg7 30. Qxc7 Kf6 31. Qc3+ Kf5 32. e4+ Kg5 33. Rg8+ Kh4 34. hxg4 1-0

[Event "Ulm/Neu Ulm-ch"]
[Site "Ulm/Neu Ulm"]
[Date "2007.10.19"]
[Round "3"]
[White "Hoffart, Alexander"]
[Black "Gallwitz, Helge"]
[Result "0-1"]
[WhiteElo "1955"]
[BlackElo "2070"]
[PlyCount "82"]
[EventDate "2007.09.21"]
[EventType "swiss"]
[EventRounds "7"]
[EventCountry "GER"]
[SourceTitle "EXT 2011"]
[Source "ChessBase"]
[SourceDate "2010.11.26"]
[SourceVersion "1"]
[SourceVersionDate "2010.11.26"]
[SourceQuality "1"]

1. e4 e5 2. Nf3 Nc6 3. d4 exd4 4. c3 dxc3 5. Bc4 cxb2 6. Bxb2 d5 7. Bxd5 Nf6 8. Bxc6+ bxc6 9. Qc2 Bb4+ 10. Nc3 Ba6 11. Nd2 0-0 12. 0-0-0 Bd3 13. Qa4 Qe7 14. Qxc6 Rab8 15. Nc4 Bxc4 16. Qxc4 Ba3 17. Rd2 Rxb2 18. Rxb2 Rb8 19. Nd1 Qe5 20. Qc2 Qf4+ 21. Kb1 Bxb2 22. Nxb2 Nxe4 23. f3 Nf6 24. Rd1 Qxh2 25. Qb3 c5 26. Qd3 h5 27. Qd6 Qxd6 28. Rxd6 Rb6 29. Rd8+ Kh7 30. Rc8 Nd7 31. Rc7 Ne5 32. Kc2 Rg6 33. Rxc5 Rxg2+ 34. Kc3 Rxb2 35. Rxe5 Rxa2 36. Rxh5+ Kg6 37. Rh3 a5 38. Rg3+ Kf6 39. Kb3 Rf2 40. Ka4 Rb2 41. Kxa5 g5 0-1

[Event "Ulm/Neu Ulm-ch"]
[Site "Ulm/Neu Ulm"]
[Date "2007.10.05"]
[Round "2"]
[White "Gallwitz, Helge"]
[Black "Von Schwerin, Clemens"]
[Result "1-0"]
[WhiteElo "2070"]
[BlackElo "1581"]
[PlyCount "45"]
[EventDate "2007.09.21"]
[EventType "swiss"]
[EventRounds "7"]
[EventCountry "GER"]
[SourceTitle "EXT 2011"]
[Source "ChessBase"]
[SourceDate "2010.11.26"]
[SourceVersion "1"]
[SourceVersionDate "2010.11.26"]
[SourceQuality "1"]

1. e4 c6 2. d4 d5 3. Nd2 dxe4 4. Nxe4 Nd7 5. Ng5 Ngf6 6. Bd3 e6 7. Qe2 c5 8. N1f3 h6 9. Nxe6 fxe6 10. Bg6+ Ke7 11. 0-0 Qb6 12. dxc5 Nxc5 13. Be3 Nd5 14. Bd4 Kd8 15. c4 Nf4 16. Qd2 Bd6 17. b4 Qc6 18. Bxc5 Nxg6 19. Bxd6 Bd7 20. Qd3 Ne7 21. Rfd1 Nf5 22. Ne5 Qxd6 23. Nf7+ 1-0